[Event "AUTO-MASTER-3257"]
[Site "http://www.queenalice.com/game.php?id=1854028"]
[Date "2025.3.16"]
[Round "1"]
[White "Tonto"]
[Black "JailtonMaster"]
[Result "0-1"]
[WhiteElo "2010"]
[BlackElo "2137"]

1. e4 c5 2. Nf3 d6 3. Nc3 Nf6 4. b3 e6 5. Be2 Be7 6. Bb2 O-O 7. O-O Nc6 8. d3 a6
9. h3 b5 10. Qe1 Bb7 11. Nd1 d5 12. exd5 exd5 13. Ne3 Qd7 14. a4 Nb4 15. d4 c4
16. Ne5 Qc7 17. Ba3 Nc6 18. Nxc6 Bxa3 19. Ne5 Bd6 20. N5g4 Ne4 21. Bf3 c3 22.
Nf5 Nd2 23. Qe3 Bf4 24. Qe7 Nxf1 25. Ngh6+ gxh6 26. Nxh6+ Kg7 27. Nf5+ Kg6 28.
Bh5+ Kxh5 29. Qh4+ Kg6 30. Ne7+ Kg7 31. Nf5+ Kg6 32. Qg4+ Bg5 33. Rxf1 Qf4 34.
Nh4+ Kg7 35. Qd7 Bxh4 36. Qxb7 Qd6 37. axb5 Rfb8 38. Qc6 Qxc6 39. bxc6 Rc8 40.
g3 Bf6 41. Rd1 Rxc6 42. f4 Re8 43. Kf2 Re4 44. Kf3 Rxd4 45. Ra1 Rd2 46. Ra2 d4
47. Ke4 d3 48. Ke3 dxc2 0-1

[Event "AUTO-ADV-4853"]
[Site "http://www.queenalice.com/game.php?id=1854119"]
[Date "2025.3.17"]
[Round "1"]
[White "JailtonMaster"]
[Black "Ditto"]
[Result "1-0"]
[WhiteElo "2162"]
[BlackElo "1754"]

1. e4 e5 2. Nf3 Nc6 3. Bb5 Bc5 4. O-O d6 5. c3 Bg4 6. h3 h5 7. Qa4 Qf6 8. Bxc6+
bxc6 9. Qxc6+ Bd7 10. Qxa8+ Ke7 11. d4 exd4 12. Bg5 1-0

[Event "AUTO-ADV-4853"]
[Site "http://www.queenalice.com/game.php?id=1854130"]
[Date "2025.3.17"]
[Round "1"]
[White "JailtonMaster"]
[Black "jogo"]
[Result "1-0"]
[WhiteElo "2161"]
[BlackElo "1740"]

1. e4 e5 2. Nf3 Nf6 3. Nc3 d6 4. d4 exd4 5. Nxd4 Be7 6. Bc4 O-O 7. O-O g6 8. Bh6
Re8 9. f4 Bg4 10. Qe1 c5 11. Nf3 a6 12. e5 dxe5 13. fxe5 Nh5 14. Ng5 Bxg5 15.
Bxg5 Qxg5 16. Bxf7+ Kf8 17. Bxg6+ 1-0

[Event "AUTO-OPEN-4583"]
[Site "http://www.queenalice.com/game.php?id=1854307"]
[Date "2025.3.21"]
[Round "1"]
[White "josebaron"]
[Black "JailtonMaster"]
[Result "1-0"]
[WhiteElo "2195"]
[BlackElo "2107"]

1. e4 c5 2. Nf3 d6 3. Bb5+ Bd7 4. Bxd7+ Qxd7 5. O-O Nc6 6. Nc3 Nf6 7. d4 cxd4 8.
Nxd4 e5 9. Nxc6 bxc6 10. a4 d5 11. exd5 cxd5 12. Re1 e4 13. Bg5 Rd8 14. Bxf6
gxf6 15. Nb5 Bc5 16. c4 f5 17. cxd5 a6 18. Qc2 Rc8 19. b4 Bd4 20. Qxc8+ Qxc8 21.
Nd6+ Kd7 22. Nxc8 Rxc8 23. Rac1 Rb8 24. Rc4 Bg7 25. Kf1 Rb6 26. g4 Rh6 27. gxf5
Rxh2 28. Rexe4 1-0

[Event "AUTO-OPEN-4583"]
[Site "http://www.queenalice.com/game.php?id=1854308"]
[Date "2025.3.21"]
[Round "1"]
[White "JailtonMaster"]
[Black "josebaron"]
[Result "1/2-1/2"]
[WhiteElo "2097"]
[BlackElo "2209"]

1. e4 e5 2. Nf3 Nc6 3. Bb5 d6 4. O-O Be7 5. c3 Nf6 6. d3 O-O 7. Nbd2 Bg4 8. Qc2
a6 9. Ba4 b5 10. Bb3 Na5 11. a4 Nxb3 12. Qxb3 bxa4 13. Rxa4 a5 14. h3 Bd7 15.
Ra1 a4 16. Qc2 h6 17. d4 exd4 18. cxd4 Qb8 19. e5 Nd5 20. exd6 Bxd6 21. Ne5 Nb4
22. Qe4 Bb5 23. Rd1 f5 24. Qh4 Nc2 25. Rb1 Bxe5 26. dxe5 Qd8 1/2-1/2

[Event "AUTO-OPEN-4583"]
[Site "http://www.queenalice.com/game.php?id=1854323"]
[Date "2025.3.21"]
[Round "1"]
[White "Kapablanca"]
[Black "JailtonMaster"]
[Result "0-1"]
[WhiteElo "1982"]
[BlackElo "2154"]

1. d4 d5 2. c4 c6 3. e3 Nf6 4. Nf3 e6 5. Be2 Be7 6. O-O O-O 7. Nc3 dxc4 8. Bxc4
b5 9. Bb3 Bb7 10. Bd2 Nbd7 0-1

[Event "AUTO-OPEN-4583"]
[Site "http://www.queenalice.com/game.php?id=1854324"]
[Date "2025.3.21"]
[Round "1"]
[White "JailtonMaster"]
[Black "Kapablanca"]
[Result "1-0"]
[WhiteElo "2147"]
[BlackElo "1992"]

1. e4 e6 2. d4 d5 3. exd5 exd5 4. Nf3 Nf6 5. Bd3 Bd6 6. O-O O-O 7. Bg5 Bg4 8.
Nbd2 Nbd7 9. h3 Bh5 10. Re1 c6 11. c3 Qc7 12. Qc2 1-0

[Event "AUTO-MASTER-3258"]
[Site "http://www.queenalice.com/game.php?id=1854536"]
[Date "2025.3.26"]
[Round "1"]
[White "CCapivara"]
[Black "JailtonMaster"]
[Result "1-0"]
[WhiteElo "2234"]
[BlackElo "2140"]

1. e4 c5 2. Nf3 d6 3. d4 cxd4 4. Nxd4 Nf6 5. Nc3 a6 6. Bg5 e6 7. f4 Be7 8. Qf3
Qc7 9. O-O-O Nbd7 10. g4 b5 11. Bxf6 Nxf6 12. g5 Nd7 13. h4 Bb7 14. h5 O-O-O 15.
g6 hxg6 16. hxg6 e5 17. Rxh8 Rxh8 18. Nf5 Nc5 19. gxf7 b4 20. Nd5 Bxd5 21. Rxd5
Rh2 22. fxe5 dxe5 23. Nxe7+ Kb7 24. f8=Q Ne6 25. Qc8+ 1-0

[Event "AUTO-MASTER-3258"]
[Site "http://www.queenalice.com/game.php?id=1854537"]
[Date "2025.3.26"]
[Round "1"]
[White "JailtonMaster"]
[Black "CCapivara"]
[Result "1-0"]
[WhiteElo "2132"]
[BlackElo "2233"]

1. e4 d6 2. d4 Nf6 3. Bd3 e5 4. c3 Be7 5. Ne2 O-O 6. O-O c6 7. Bg5 Bg4 8. f3 Bh5
9. Nd2 Nbd7 10. Qc2 Qc7 11. a4 a5 12. Ng3 Bg6 13. f4 exf4 14. Bxf4 Rae8 15. Nf5
Bxf5 16. exf5 Nd5 17. Bg3 Ne3 18. Qb3 Nxf1 19. Rxf1 Nf6 20. c4 Qd8 21. Qxb7 c5
22. d5 Nh5 23. Bf2 Nf4 24. Bc2 Bf6 25. Ne4 Be5 26. Kh1 g6 27. fxg6 hxg6 28. Bg3
Nh5 29. Bxe5 Rxe5 30. g4 Ng7 31. Nf6+ Kh8 32. Qb3 Nh5 33. gxh5 Kg7 34. h6+ Kh8
35. Qc3 Qc8 36. h3 Rd8 37. Ng4 Kh7 38. Rxf7+ Kg8 39. Rg7+ Kh8 40. Nf6 1-0

[Event "AUTO-OPEN-4584"]
[Site "http://www.queenalice.com/game.php?id=1854617"]
[Date "2025.3.27"]
[Round "1"]
[White "dosoldini"]
[Black "JailtonMaster"]
[Result "0-1"]
[WhiteElo "1540"]
[BlackElo "2169"]

1. e4 c5 2. Bc4 e6 3. Nf3 d5 4. Bb5+ Bd7 5. Bxd7+ Nxd7 6. d4 cxd4 7. e5 Qc7 8.
Qxd4 Bc5 9. Qg4 Ne7 10. O-O Nxe5 11. Bf4 Nxf3+ 12. Qxf3 Qb6 13. b3 O-O 14. Nc3
Bd4 15. Be3 Nf5 16. Nxd5 exd5 17. Qxf5 Bxe3 18. fxe3 Qxe3+ 19. Kh1 Rad8 20. Rae1
Qc5 21. h4 g6 22. Qf6 Rd6 23. Qe7 d4 24. Re5 Qc6 25. Qg5 f6 26. Ref5 fxg5 27.
Rxf8+ Kg7 28. R1f7+ Kh6 29. Rh8 gxh4 30. Rhxh7+ Kg5 31. Rfg7 Qxc2 32. Rxg6+ Rxg6
0-1

[Event "AUTO-OPEN-4584"]
[Site "http://www.queenalice.com/game.php?id=1854618"]
[Date "2025.3.27"]
[Round "1"]
[White "JailtonMaster"]
[Black "dosoldini"]
[Result "1-0"]
[WhiteElo "2163"]
[BlackElo "1542"]

1. e4 e5 2. Nf3 Bc5 3. Bc4 Nc6 4. O-O Be7 5. c3 h6 6. d4 Nf6 7. dxe5 Nxe4 8. Re1
Nxf2 9. Kxf2 d6 10. exd6 cxd6 11. Qb3 O-O 12. Qc2 a6 13. Nbd2 d5 14. Bd3 Bc5+
15. Kf1 f6 16. Nh4 f5 17. Ndf3 Be7 18. Nxf5 Rf6 19. Kg1 Bxf5 20. Bxf5 Qf8 21.
Bh7+ Kh8 22. Nh4 Bc5+ 23. Be3 Bxe3+ 24. Rxe3 Qf7 25. Rg3 Rf8 26. Ng6+ Kxh7 27.
Ne5+ Rf5 28. Nxf7 Ne7 29. Nd6 Rf6 30. Nxf5 Nxf5 31. Rf3 g6 32. g4 1-0

[Event "AUTO-OPEN-4584"]
[Site "http://www.queenalice.com/game.php?id=1854639"]
[Date "2025.3.27"]
[Round "1"]
[White "Takeda"]
[Black "JailtonMaster"]
[Result "1/2-1/2"]
[WhiteElo "2049"]
[BlackElo "2181"]

1. e4 c5 2. Nf3 d6 3. h3 Nc6 4. Bb5 Qb6 5. a4 Nf6 6. Nc3 Bd7 7. O-O e6 8. d3 Be7
9. Be3 O-O 10. d4 cxd4 11. Nxd4 Nxd4 12. Bxd4 Qc7 13. f4 Rfc8 14. Bxd7 Nxd7 15.
Nb5 Qxc2 16. Nxa7 Qxd1 17. Raxd1 Nc5 18. Nxc8 Rxc8 19. Bxc5 Rxc5 20. Rf3 Rc4 21.
b3 Rb4 22. Re3 d5 23. Rc3 g6 24. exd5 exd5 25. Rxd5 Rxf4 26. Rd7 Bf6 27. Rc8+
Kg7 28. Rxb7 Bd4+ 29. Kh2 Be5 30. Re7 Bd6 31. Rd7 Be5 32. Rd5 f6 33. Re8 Rb4+
34. Rexe5 fxe5 35. Rxe5 Rxb3 36. a5 Ra3 37. Rb5 h5 38. h4 Kf6 39. Rb6+ Kf5 40.
a6 Kg4 41. Rb4+ Kf5 42. Rb5+ Kf6 43. Rb6+ Kf5 44. Rc6 Kg4 45. Rxg6+ Kxh4 46. a7
Rh3+ 47. Kg1 Rh1+ 48. Kf2 Rf1+ 49. Ke3 Re1+ 50. Kd4 Rd1+ 51. Kc5 Rc1+ 52. Kb6
Rb1+ 53. Kc7 Rb7+ 54. Kxb7 1/2-1/2

[Event "AUTO-OPEN-4584"]
[Site "http://www.queenalice.com/game.php?id=1854640"]
[Date "2025.3.27"]
[Round "1"]
[White "JailtonMaster"]
[Black "Takeda"]
[Result "0-1"]
[WhiteElo "2147"]
[BlackElo "2050"]

1. e4 g6 2. d4 Bg7 3. c4 d6 4. Nf3 Nf6 5. Nc3 O-O 6. Bd3 Bg4 7. O-O Nc6 8. Be3
e5 9. d5 Nd4 10. Bxd4 exd4 11. Nb5 c5 12. dxc6 bxc6 13. Nbxd4 Qb6 14. Qc2 Nd7
15. h3 Bxf3 16. Nxf3 Qxb2 17. Qxb2 Bxb2 18. Rab1 Rab8 19. Nd2 Ne5 20. Be2 Bd4
21. Kh1 Rxb1 22. Nxb1 f5 23. Nd2 fxe4 24. Nxe4 d5 25. cxd5 cxd5 26. Ng5 Rxf2 27.
Rb1 Be3 28. Nf3 Rxe2 29. Nxe5 Rxa2 30. Rb8+ Kg7 31. Rb7+ Kf8 32. Rxh7 Ra1+ 0-1

[Event "AUTO-OPEN-4584"]
[Site "http://www.queenalice.com/game.php?id=1854651"]
[Date "2025.3.27"]
[Round "1"]
[White "SGF"]
[Black "JailtonMaster"]
[Result "0-1"]
[WhiteElo "1656"]
[BlackElo "2145"]

1. e4 c5 2. Qf3 d6 3. Bc4 e6 4. Nc3 Nc6 5. Nb5 a6 6. Nc3 Nd4 7. Qd3 b5 8. Bb3
Qb6 9. Nf3 Nxf3+ 10. Qxf3 c4 11. O-O cxb3 12. axb3 Bb7 13. d3 Nf6 14. h4 Be7 15.
Be3 Qc7 16. b4 d5 17. Bf4 e5 18. Bg5 d4 19. Bxf6 Bxf6 20. Nd5 Bxd5 21. exd5 Qxc2
22. d6 O-O 23. Ra2 Qb3 24. Rfa1 Qxb4 25. d7 Qd6 26. Qh3 Rfd8 27. h5 Rxd7 28.
Rxa6 Rxa6 29. Rxa6 Qc7 30. Ra8+ Rd8 31. Rxd8+ Qxd8 32. Qg3 Qc8 33. Qf3 h6 34.
Qd1 Bg5 35. g3 Qc1 36. Qxc1 Bxc1 37. b3 f5 38. f3 e4 39. dxe4 d3 40. Kf2 fxe4
41. fxe4 Kf7 42. Ke1 Ke6 43. Kd1 Bg5 44. g4 Ke5 45. b4 Kxe4 46. Ke1 d2+ 47. Kd1
Ke3 48. Kc2 Ke2 49. Kc3 d1=Q 50. Kb2 Bf6+ 51. Ka3 Qa4# 0-1

[Event "AUTO-OPEN-4584"]
[Site "http://www.queenalice.com/game.php?id=1854652"]
[Date "2025.3.27"]
[Round "1"]
[White "JailtonMaster"]
[Black "SGF"]
[Result "1-0"]
[WhiteElo "2146"]
[BlackElo "1647"]

1. e4 e5 2. Nf3 Qf6 3. Bc4 d6 4. O-O Be7 5. d3 Qg6 6. Kh1 h5 7. Nc3 c6 8. d4 Bg4
9. dxe5 h4 10. exd6 Bxd6 11. e5 Bxe5 12. Nxe5 Bxd1 13. Nxg6 fxg6 14. Rxd1 Nd7
15. Bg5 Ngf6 16. Re1+ Kf8 17. Rad1 b5 18. Be6 Nc5 19. Bf4 Nxe6 20. Rxe6 Rc8 21.
Bd6+ Kf7 22. Re7+ Kg8 23. Rxa7 Re8 24. h3 Ne4 25. Nxe4 Rxe4 26. Bb4 Rxb4 27.
Rdd7 Kh7 28. Rxg7+ Kh6 29. b3 Rd4 30. Rgc7 Rd6 31. Ra6 Rd1+ 32. Kh2 Rd2 33.
Rcxc6 Rxf2 34. Rxg6+ Kh5 35. Rg4 Rxc2 36. b4 Rc4 37. Ra5 Rxg4 38. hxg4+ Kxg4 39.
Rxb5 h3 40. a4 hxg2+ 41. Kxg2 Kf4 42. Kf2 Kg4 43. Ke3 Rh3+ 44. Kd4 Ra3 45. a5
Ra4 46. Kc5 Kf4 47. Kb6 Ke4 48. a6 Kd4 49. a7 Kc4 50. Ra5 Kxb4 51. Rxa4+ Kxa4
52. a8=Q+ Kb4 53. Qc6 Kb3 54. Kb5 Ka3 55. Qf3+ Kb2 56. Kb4 Kc2 57. Qe2+ Kc1 58.
Ka3 Kb1 59. Qd1# 1-0

[Event "AUTO-OPEN-4586"]
[Site "http://www.queenalice.com/game.php?id=1855147"]
[Date "2025.4.6"]
[Round "1"]
[White "tche_elvio"]
[Black "JailtonMaster"]
[Result "0-1"]
[WhiteElo "1513"]
[BlackElo "2180"]

1. e4 c5 2. d4 cxd4 3. Bd3 e5 4. Nf3 Nc6 5. a3 d5 6. O-O dxe4 7. Bxe4 Nf6 8. Bg5
Be7 9. h3 Nxe4 10. Bxe7 Qxe7 11. b4 a6 12. c4 Be6 13. Qc1 Rc8 14. Nbd2 Nc3 15.
Qc2 Ne2+ 16. Kh1 b5 17. c5 f5 18. Qd3 Nf4 19. Qc2 e4 20. Nxe4 fxe4 21. Qxe4 Nxg2
22. Kxg2 Bxh3+ 0-1